Besná líška behala pri Rožňave aj v Hucíne

Bibliographic Details
Main Author: (ela) (Author)
Format: Article
Language:Slovak
PhysicalDescription:1 foto
Subjects:

MARC

LEADER 00000nab a2200000 a 4500
001 vtls001011257
003 SK-MaSNL
005 20260303140738.0
008 040720e20030305xo 0 slo
035 |a RV11857 
040 |a RVGKPD  |b slo  |c RVGKPD  |e AACR2 
041 0 |a slo 
044 |a xo  |c SK 
080 |a 616.988.21  |2 1981 
080 |a 619  |2 1981 
100 0 |a (ela)  |4 aut  |9 855197 
245 1 0 |a Besná líška behala pri Rožňave aj v Hucíne 
300 |b 1 foto 
500 |a výskyt 
650 0 7 |a besnota  |2 RVGKPD  |9 16570 
651 7 |a Rožňava (Slovensko)  |2 RVGKPD  |9 17394 
651 7 |a Hucín (Slovensko)  |2 RVGKPD  |9 58466 
773 0 8 |t Gemerský denník  |g Roč. 5, č.53, 5.3.2003, s. 1 
852 |a ZVYKNI  |b KIS3GCP 
999 |c 1973113  |d 1975043